| 000 | 00554nam a2200193 a 4500 | ||
|---|---|---|---|
| 008 | 981103s1990 m yCZ 0 cze c | ||
| 020 |
_a802080045X _c38 |
||
| 040 |
_aSNK _bslo _cSNK _eAACR2 |
||
| 041 | 1 | _acze | |
| 044 | _aCZ | ||
| 080 | _a885.0-31 | ||
| 100 | 1 |
_aFrýbová, Zdena _4aut |
|
| 245 | 1 | 0 |
_aMafie po česku aneb Jeden den Bohuslava Panenky _cZdena Frýbová ; il. Zdeněk Netopil |
| 260 |
_aPraha _bPráce _c1990 |
||
| 300 |
_a435, [2] s. _c8ř |
||
| 650 | 0 | 7 |
_aliteratúra česká _xromány _2SNK |
| 650 | 0 | 7 |
_aromány české _2SNK |
| 958 | _aA | ||
| 999 |
_c9977 _d9977 |
||